000 00372nam a2200145Ia 4500
008 230917s9999||||xx |||||||||||||| ||und||
040 _e66028
_aMAIN
041 _aEnglish
082 _a153.15 R313L
100 _aRestle, Frank
245 0 _aLearning animal behaviour and human cognition
260 _aNew York
_bMcGraw-Hill
_c1975
300 _axii, 330 p.
942 _cBK
999 _c36681
_d36681